Charakterizovanie východiskových predpokladov rozvoja chozrasčotu v riadení investičného procesu v ekonomike ČSSR 1. etapa riešenia čiastkovej výskumnej úlohy SPEV 902-533-402/04

Na minha lista:
Detalhes bibliográficos
Formato: Livro
Idioma:eslovaco
Publicado em: Bratislava Výskumný ústav národohospodársky VŠE 1986
Tags: Adicionar Tag
Sem tags, seja o primeiro a adicionar uma tag!

MARC

LEADER 00000nam a2200000 4500
001 c030583
005 20260325120953.7
041 0 |a slo 
044 |a SK 
245 1 0 |a Charakterizovanie východiskových predpokladov rozvoja chozrasčotu v riadení investičného procesu v ekonomike ČSSR  |b 1. etapa riešenia čiastkovej výskumnej úlohy SPEV 902-533-402/04 
264 1 |a Bratislava  |b Výskumný ústav národohospodársky VŠE  |c 1986 
300 |a 58 s.